The growing child : an applied approach /
Basic questions. Theories of development. Prenatal development and birth. Physical development and health in infancy and toddlerhood. Perceptual and cognitive development in infancy and toddlerhood. Social and personality development in infancy and toddlerhood...
Đã lưu trong:
| 主要作者: | |
|---|---|
| 格式: | 圖書 |
| 語言: | English |
| 出版: |
New York :
Addison Wesley Longman,
1999.
|
| 版: | 2nd ed. |
| 主題: | |
| 標簽: |
添加標簽
沒有標簽, 成為第一個標記此記錄!
|
| Thư viện lưu trữ: | Mạng thư viện Đại học Đà Nẵng |
|---|
| LEADER | 01112cam a2200337 i 4500 | ||
|---|---|---|---|
| 001 | 000048698 | ||
| 003 | 8421 | ||
| 005 | 20030408140146.0 | ||
| 008 | 010323|1999 vm 000 eng | ||
| 020 | |a 0321013468 | ||
| 040 | |a IRC |c IRC |d IRC | ||
| 041 | 0 | |a eng | |
| 082 | 1 | 4 | |a 305.231 |b BE-H |
| 100 | 1 | |a Bee, Helen L. |q (Helen Lucille), |d 1939- | |
| 245 | 0 | 4 | |a The growing child : |b an applied approach / |c Helen Bee. |
| 250 | |a 2nd ed. | ||
| 260 | |a New York : |b Addison Wesley Longman, |c 1999. | ||
| 300 | |a 605 p. ; |c 28cm. | ||
| 520 | 3 | |a Basic questions. Theories of development. Prenatal development and birth. Physical development and health in infancy and toddlerhood. Perceptual and cognitive development in infancy and toddlerhood. Social and personality development in infancy and toddlerhood... | |
| 630 | 0 | 4 | |a Child development. |
| 650 | 0 | 4 | |a Child development. |
| OWN | |a DUT | ||
| 999 | |a From the UDN01 | ||
| TYP | |a Monograph | ||
| TYP | |a Printed language | ||
| 980 | |a Mạng thư viện Đại học Đà Nẵng | ||


